000
00302nam a22001337a 4500
008
170616b xxu||||| |||| 00| 0 eng d
020
_a
9780534214449
041
_a
eng
080
_a
94(7/8)
100
_a
20
101
_a
SHP
245
_a
ORIGINS AND DESTINIES
_c
PERDRANZA.S
942
_2
udc
_c
BK
999
_c
17699
_d
17699